|
|
|
|
| LEADER |
00000cam a2200000 i 4500 |
| 001 |
JSTOR_on1108550721 |
| 003 |
OCoLC |
| 005 |
20231005004200.0 |
| 006 |
m o d |
| 007 |
cr cnu---unuuu |
| 008 |
190713s2018 quc o 100 0 fre d |
| 040 |
|
|
|a EBLCP
|b eng
|e rda
|e pn
|c EBLCP
|d OCLCQ
|d N$T
|d YDXIT
|d OCLCO
|d NLC
|d YDX
|d OCLCF
|d NLC
|d CNLAK
|d OCLCQ
|d JSTOR
|d OCLCQ
|d K6U
|d OCLCO
|d NLC
|d LUU
|d OCLCQ
|d OCLCO
|
| 019 |
|
|
|a 1106368429
|a 1107699674
|
| 020 |
|
|
|a 2763742580
|q (electronic bk.)
|
| 020 |
|
|
|a 9782763742588
|q (electronic bk.)
|
| 029 |
1 |
|
|a AU@
|b 000069466965
|
| 035 |
|
|
|a (OCoLC)1108550721
|z (OCoLC)1106368429
|z (OCoLC)1107699674
|
| 037 |
|
|
|a 22573/ctv1g9qbkn
|b JSTOR
|
| 050 |
|
4 |
|a PN56.U8
|b U86 2018
|
| 082 |
0 |
4 |
|a 809/.93372
|2 23
|
| 049 |
|
|
|a UAMI
|
| 245 |
0 |
0 |
|a Utopies, fictions et satires politiques II :
|b cycle de conférences H-2018 /
|c Josiane Boulad-Ayoub, rédactrice ; avec la participation de Ethel Groffier, Paul Dumouchel, Nycole Paquin, Michel Lincourt.
|
| 264 |
|
1 |
|a Quebec :
|b Presses de l'Université Laval,
|c [2018]
|
| 300 |
|
|
|a 1 online resource
|
| 336 |
|
|
|a text
|b txt
|2 rdacontent
|
| 337 |
|
|
|a computer
|b c
|2 rdamedia
|
| 338 |
|
|
|a online resource
|b cr
|2 rdacarrier
|
| 490 |
1 |
|
|a Collection Mercure du Nord/Verbatim
|
| 490 |
0 |
|
|a Cahiers Verbatim ;
|v volume III, Hiver 2018
|
| 588 |
0 |
|
|a Online resource; title from digital title page (viewed on December 16, 2019).
|
| 505 |
0 |
|
|a Confe´rence du 22 fe´vrier 2018. Les utopies masque´es de Voltaire : du Salomon du nord a` l'Eldorado / Ethel Groffier -- Confe´rence du 22 mars 2018. Les aventures de Te´le´maque : roman pe´dagogique anti-utopique / Paul Dumouchel -- Confe´rence du 19 avril 2018. Et in Utopia ego : le the`me de la mort dans les utopies litte´raires et visuelles du XVIIIe sie`cle / Nycole Paquin -- Confe´rence du 17 mai 2018. Une prosopope´e de Diderot / Michel Lincourt.
|
| 590 |
|
|
|a JSTOR
|b Books at JSTOR Demand Driven Acquisitions (DDA)
|
| 590 |
|
|
|a JSTOR
|b Books at JSTOR All Purchased
|
| 600 |
1 |
0 |
|a Voltaire,
|d 1694-1778
|x Criticism and interpretation.
|
| 600 |
1 |
0 |
|a Fénelon, François de Salignac de La Mothe-,
|d 1651-1715.
|t Aventures de Télémaque.
|
| 600 |
1 |
7 |
|a Voltaire,
|d 1694-1778
|2 fast
|
| 630 |
0 |
7 |
|a Aventures de Télémaque (Fénelon, François de Salignac de La Mothe-)
|2 fast
|
| 650 |
|
0 |
|a Utopias in literature
|v Congresses.
|
| 650 |
|
0 |
|a Comparative literature
|x Themes, motives
|v Congresses.
|
| 650 |
|
0 |
|a Political satire
|x History and criticism
|v Congresses.
|
| 650 |
|
6 |
|a Utopies dans la littérature
|v Congrès.
|
| 650 |
|
6 |
|a Littérature comparée
|x Thèmes, motifs
|v Congrès.
|
| 650 |
|
6 |
|a Satire politique
|x Histoire et critique
|v Congrès.
|
| 650 |
|
7 |
|a Comparative literature
|x Themes, motives
|2 fast
|
| 650 |
|
7 |
|a Political satire
|2 fast
|
| 650 |
|
7 |
|a Utopias in literature
|2 fast
|
| 655 |
|
7 |
|a Conference papers and proceedings
|2 fast
|
| 655 |
|
7 |
|a Criticism, interpretation, etc.
|2 fast
|
| 700 |
1 |
|
|a Boulad Ayoub, Josiane,
|d 1941-
|e editor.
|
| 700 |
1 |
|
|a Groffier, Ethel,
|e author.
|
| 710 |
2 |
|
|a Chaire Unesco d'étude des fondements philosophiques de la justice et de la société démocratique.
|
| 710 |
2 |
|
|a Chaire de recherche du Canada en antiquité critique et modernité émergente.
|
| 776 |
0 |
8 |
|i Print version:
|a Boulad-Ayoub, Josiane (dir.).
|t Utopies, Fictions et Satires Politiques II. Cycle de Conférences H-2018. Cahiers Verbatim, Volume III.
|d Quebec : Les Presses de l'Université Laval, ©2018
|z 9782763742571
|
| 830 |
|
0 |
|a Mercure du Nord.
|p Verbatim.
|
| 856 |
4 |
0 |
|u https://jstor.uam.elogim.com/stable/10.2307/j.ctv1gbrxcm
|z Texto completo
|
| 938 |
|
|
|a ProQuest Ebook Central
|b EBLB
|n EBL5802251
|
| 938 |
|
|
|a EBSCOhost
|b EBSC
|n 2177765
|
| 938 |
|
|
|a YBP Library Services
|b YANK
|n 300663833
|
| 994 |
|
|
|a 92
|b IZTAP
|